Normal view
MARC view
- Bahnet, E C
Entry Personal Name
001 - CONTROL NUMBER
- control field: 5808
003 - CONTROL NUMBER IDENTIFIER
- control field: OSt
005 - DATE AND TIME OF LATEST TRANSACTION
- control field: 20180206121742.0
008 - FIXED-LENGTH DATA ELEMENTS
- fixed length control field: 180206|| aca||aabn | a|a d
040 ## - CATALOGING SOURCE
- Original cataloging agency: OSt
- Transcribing agency: OSt
100 ## - HEADING--PERSONAL NAME
- Personal name: Bahnet, E C
670 ## - SOURCE DATA FOUND
- Source citation: Work cat.: (OSt): Bahnet, E C, Mary,s Easter Story, 2002